Регионална библиотека "Любен Каравелов" - Русе

Кълновете (Запис номер 96999)

MARC детайли
000 -Лидер
Контролно поле с фиксирана дължина 01986nam a2200397 c 4500
003 - Код на организацията, давaща контролен номер
Контролно поле BLK
005 - Дата и час на последна редакция
Контролно поле 20180420225746.0
008 - Елементи от данни с фиксирана дължина
fixed length control field 180409b bul|||||r ||||||| ||bul||
010 ## - Наследен системен номер
LC control number KNG00101904000
040 ## - Източник на каталожния запис
Идентификатор на билиотеката - собственик на записа BLK
041 ## - Код за език
Код за езика на текст/звукозапис или на отделно заглавие Български
Код за езика КДБФ Български
072 #7 - Код за тематичната категория
Код организация bullib
Код за тематична категория Л04
Текст Лечебно хранене
080 ## - УДК
Текстов определител УДК Хигиена на храненето с продукти от растителен и минерален произход - Вегетарианство;плодове, зеленчуци, корени, растителни масла, консерви и др.
УДК код - определител по УДК 613.26/.27
УДК определител
УДК - код + определител 613.26/.27
080 ## - УДК
Текстов определител УДК Диетотерапия. Усилено и органично хранене, диети, богати на тлъстини, на минерали и др.
УДК код - определител по УДК 615.874
УДК определител
УДК - код + определител 615.874
080 ## - УДК
Текстов определител УДК Диетично хранене за здрави хора
УДК код - определител по УДК 641.561
УДК определител
УДК - код + определител 641.561
139 ## - Редно поле
Редна дума Кълновете
Авторски знак Био - Б 45
245 10 - Сведения за заглавието
Заглавие Кълновете
Подзаглавни данни Лечение и здравословно хранене
Редно поле (дума) авт.-състав. Мирослава Бирицка.
257 ## - Страна на издаване
Страна на създаване/издаване България
260 ## - Област на издателските данни
-- София
Име на издателя, разпространителя и проч. Хомо Футурус
Година на издаване 2001
Печатница София : Скала
300 ## - Физическа характеристика
Страници 144 с.
Размери/Мащаб 21 см
380 ## - Жанр
Жанр Медицина
490 1# - СЕРИИ (Колекции)
Име на серия Библиотека Здраве ХХІ
500 ## - Общи забележки
Забележка Всичко за лечебните свойства ; Как да ги получите в домашни условия ; Как да ги използвате във всекидневната храна
650 #4 - Допълнително описание по предмет – тема
Основно описание – тема или топоним Хранене - хигиена
9 (RLIN) 244313
650 #4 - Допълнително описание по предмет – тема
Основно описание – тема или топоним Лечебно хранене
9 (RLIN) 244312
650 #4 - Допълнително описание по предмет – тема
Основно описание – тема или топоним Ястия - рецепти
9 (RLIN) 241857
653 ## - Ключова дума – ненормативна
Ключова дума лечебно хранене
653 ## - Ключова дума – ненормативна
Ключова дума кълнове
659 ## - Тематичен бюлетин
Тематичен бюлетин Л
700 1# - Други автори (авторска отговорност)
Лично име Бирицка, Мирослава
Автороска отговорност (Описва отношението между автора и произведението) авт.-състав.
9 (RLIN) 39201
852 ## - Местоположение
Форматна сигнатура Цб 211881
856 4# - Електронен адрес и достъп
Електронен формат pdf - файл
Път до файла /url/
856 4# - Електронен адрес и достъп
Електронен формат pdf - файл
Път до файла /url/
942 ## - АРТИКУЛИ
Вид на библиотечния материал Книги
Скрит в OPAC Не
944 ## - СЪЗДАВАНЕ И РЕДАКЦИЯ на ЗАПИСА
Създаване/Редакция Създаване
Дата на регистрацията/редакция 01.01.2001
Служител, извършил регистрацията/редакцията Ирена_Линкова
944 ## - СЪЗДАВАНЕ И РЕДАКЦИЯ на ЗАПИСА
Създаване/Редакция Редакция
Дата на регистрацията/редакция 15.11.2011
Служител, извършил регистрацията/редакцията
999 ## - СИСТЕМНИ КОНТРОЛНИ НОМЕРА
Koha biblionumber 96999
Koha biblioitemnumber 96999
Наличности
Код за отписване Код за изгубен артикул Код за повреда Коз за рестрикции Код за отдаване Артикулен № Име на библиотеката - собственик Име на библиотеката, в която се намира в момента Статус (Текущо местоположение) Дата на вписване в системата Местоположение - отдел Цена в лева Инвентарен номер Систематично азбучна сигнатура Баркод Номер на екземпляра Цена в евро Служебна бележка Служебен тип на артикула
  Не е изгубен Не е повреден без рестрикции ползва се в читалня 155636 Регионална библиотека "Любен Каравелов" Русе Регионална библиотека "Любен Каравелов" Русе Хранилище 2002-06-12 Хранилище 4.00 120000670540 Цб 211881 120000670540 1 2.05 Дост: Dp Вид: Д N: 1 Дата: 12.12.2001 Книги
Vip Innovations Ltd, Rousse, Bulgaria 2025